Atlas de paisajes costeros de Colombia / (Registro nro. 15431)
[ vista simple ]
| 000 -LEADER | |
|---|---|
| fixed length control field | 01219nam a22002417a 4500 |
| 003 - CONTROL NUMBER IDENTIFIER | |
| control field | OSt |
| 005 - DATE AND TIME OF LATEST TRANSACTION | |
| control field | 20210318134157.0 |
| 008 - FIXED-LENGTH DATA ELEMENTS--GENERAL INFORMATION | |
| fixed length control field | 210318s2003 ck aob|gr|||| 00| 0 spa d |
| 020 ## - INTERNATIONAL STANDARD BOOK NUMBER | |
| International Standard Book Number | 958973491X |
| 040 ## - CATALOGING SOURCE | |
| Original cataloging agency | CO-JMCR |
| Transcribing agency | CO-JMCR |
| 041 0# - LANGUAGE CODE | |
| Language code of text/sound track or separate title | spa |
| 082 04 - DEWEY DECIMAL CLASSIFICATION NUMBER | |
| Classification number | R / 577.709861 / |
| Item number | V652a |
| Edition number | 23 |
| 100 1# - MAIN ENTRY--PERSONAL NAME | |
| Personal name | Vides C., Martha Patricia, |
| Relator term | editora |
| 9 (RLIN) | 36298 |
| 245 10 - TITLE STATEMENT | |
| Title | Atlas de paisajes costeros de Colombia / |
| Statement of responsibility, etc. | editores, Martha Patricia Vides C., Paula Cristina Sierra-Correa |
| 260 ## - PUBLICATION, DISTRIBUTION, ETC. | |
| Place of publication, distribution, etc. | Santa Marta : |
| Name of publisher, distributor, etc. | Instituto de Investigaciones Marinas y Costeras "José Benito Vives De Andreis", |
| Date of publication, distribution, etc. | 2003 |
| 300 ## - PHYSICAL DESCRIPTION | |
| Extent | 131 páginas : |
| Other physical details | ilustraciones, fotografías y mapas a color ; |
| Dimensions | 43 cm. |
| 490 0# - SERIES STATEMENT | |
| Series statement | Publicaciones generales ; |
| Volume/sequential designation | 16 |
| 504 ## - BIBLIOGRAPHY, ETC. NOTE | |
| Bibliography, etc. note | Bibliografía: páginas 128-131 |
| 505 0# - FORMATTED CONTENTS NOTE | |
| Formatted contents note | Colombia 50% MAR, una visión de futuro -- La Costa Caribe colombiana, lugar de dramática belleza -- El Caribe Insular, San Andrés, Old Providence y Santa Catalina -- El Pacífico Continental e Insular, región de contrastes -- ¿Somos vulnerables ante un eventual ascenso del nivel del mar? |
| 650 14 - SUBJECT ADDED ENTRY--TOPICAL TERM | |
| Topical term or geographic name entry element | Ecología marina |
| Form subdivision | Atlas |
| Geographic subdivision | Colombia |
| 9 (RLIN) | 36299 |
| 700 1# - ADDED ENTRY--PERSONAL NAME | |
| Personal name | Sierra-Correa, Paula Cristina, |
| Relator term | editora |
| 9 (RLIN) | 36300 |
| 942 ## - ADDED ENTRY ELEMENTS (KOHA) | |
| Source of classification or shelving scheme | Dewey Decimal Classification |
| Koha item type | Books |
| Withdrawn status | Lost status | Source of classification or shelving scheme | Damaged status | Not for loan | Collection code | Home library | Current library | Date acquired | Source of acquisition | Total Checkouts | Full call number | Barcode | Date last seen | Copy number | Price effective from | Koha item type |
|---|---|---|---|---|---|---|---|---|---|---|---|---|---|---|---|---|
| Dewey Decimal Classification | Non-fiction | Biblioteca Pública José María del Castillo y Rada | Biblioteca Pública José María del Castillo y Rada | 10/02/2020 | Donación | R / 577.709861 / V652a | 201807237 | 03/18/2021 | Ej.1 | 03/18/2021 | Books |